[Event "4NCL Division 4 South"]
[Site "Maidenhead, ENG"]
[Date "2019.11.10"]
[Round "2.22"]
[White "Sivarajasingam, Shayanna"]
[Black "Payan, Juan C"]
[Result "1/2-1/2"]
[WhiteElo "1762"]
[BlackElo "1791"]
[PlyCount "117"]
[EventDate "2019.11.10"]
[WhiteTeam "Fischer's Catch"]
[BlackTeam "West is Best 3"]

1. e4 c5 2. Nf3 d6 3. Bb5+ Bd7 4. Bxd7+ Qxd7 5. c4 Nc6 6. O-O Nf6 7. Nc3 g6 8.
d4 cxd4 9. Nxd4 Bg7 10. Nde2 O-O 11. f3 Rab8 12. Be3 a6 13. Nd4 Nxd4 14. Bxd4
b5 15. cxb5 axb5 16. Qd2 Qb7 17. Rfc1 Rfc8 18. Ne2 b4 19. Rxc8+ Rxc8 20. Rc1
Rxc1+ 21. Nxc1 e5 22. Be3 d5 23. exd5 Nxd5 24. Bc5 Bf8 25. Bf2 f6 26. Nb3 Qb5
27. Qc2 Nf4 28. Nc1 Qd5 29. b3 Kg7 30. Qc7+ Kh6 31. Qc2 Kg7 32. Qc7+ Qf7 33.
Qxf7+ Kxf7 34. Kf1 Ke6 35. g3 Nd5 36. Ke2 Bh6 37. Nd3 Nc3+ 38. Ke1 Nxa2 39. Bc5
Kd5 40. Nxb4+ Kxc5 41. Nxa2 Kd4 42. Ke2 f5 43. h3 Bf8 44. h4 h5 45. Kd2 e4 46.
fxe4 Kxe4 47. Ke2 Bd6 48. Nc3+ Ke5 49. Kf3 Bb4 50. Ne2 Bd2 51. Ng1 f4 52. gxf4+
Bxf4 53. Nh3 Bd2 54. Nf2 Kd4 55. Nh3 Ke5 56. Nf2 Kf5 57. Nd3 Ba5 58. Nf4 Bd8
59. Ng2 1/2-1/2

[Event "4NCL Division 4 South"]
[Site "Maidenhead, ENG"]
[Date "2019.11.10"]
[Round "2.23"]
[White "Melsom, Jonathan T"]
[Black "Chong, Kimberly"]
[Result "0-1"]
[WhiteElo "1711"]
[BlackElo "1767"]
[PlyCount "140"]
[EventDate "2019.11.10"]
[WhiteTeam "West is Best 3"]
[BlackTeam "Fischer's Catch"]

1. e4 d5 2. exd5 Nf6 3. d4 c6 4. dxc6 Nxc6 5. c3 e5 6. Bb5 Qb6 7. Qe2 e4 8. Nd2
Be7 9. Nc4 Qd8 10. Ne5 Bd7 11. Nxd7 Qxd7 12. Be3 Nd5 13. Rd1 f5 14. Nh3 O-O-O
15. Nf4 g5 16. Nxd5 Qxd5 17. c4 Qf7 18. g3 Nb4 19. a3 Nd3+ 20. Rxd3 exd3 21.
Qxd3 f4 22. Bd2 fxg3 23. hxg3 Qg6 24. Qxg6 hxg6 25. Rxh8 Rxh8 26. c5 Bf6 27.
Be3 Rd8 28. b4 $11 Bxd4 29. Bxg5 Bc3+ 30. Ke2 Rd5 31. Bf4 g5 32. Bc4 Rd4 33.
Be6+ Kd8 34. Bxg5+ Ke8 35. Ke3 Rd1 36. f4 Re1+ 37. Kd3 Rxe6 38. Kxc3 Re3+ 39.
Kc4 Rxa3 40. Bh4 Kf7 41. f5 a6 42. Kd4 Ra4 43. Kc3 Ra3+ 44. Kd4 Rf3 45. f6 Ke6
46. Kc4 $11 Rf1 47. Kd4 Rd1+ 48. Kc4 Rc1+ 49. Kd4 Rd1+ 50. Kc4 Ke5 51. Kc3 Rc1+
52. Kb2 Rf1 53. Kc3 Kd5 54. Kb3 Rf3+ 55. Ka4 Ke6 56. b5 axb5+ 57. Kxb5 Rb3+ 58.
Kc4 Rb1 59. Bg5 Rg1 60. Bf4 Kxf6 61. Bc7 Ke6 62. Kd4 Kd7 63. Bf4 Kc6 64. Kd3
Rd1+ 65. Kc2 Rg1 66. Kb3 Rb1+ 67. Kc2 Re1 68. Kd2 Rg1 69. Kd3 Kd5 70. Kc2 Rg2+
0-1

[Event "4NCL Division 4 South"]
[Site "Maidenhead, ENG"]
[Date "2019.11.10"]
[Round "2.24"]
[White "Sivarajasingam, Venetia"]
[Black "Eckert, Jonathan"]
[Result "1-0"]
[WhiteElo "1766"]
[BlackElo "1699"]
[PlyCount "69"]
[EventDate "2019.11.10"]
[WhiteTeam "Fischer's Catch"]
[BlackTeam "West is Best 3"]

1. e4 e5 2. Nf3 Nc6 3. Bb5 f5 4. d3 fxe4 5. dxe4 Nf6 6. Nc3 Bc5 7. Bg5 h6 8.
Bxf6 Qxf6 9. Nd5 Qd8 10. Bxc6 bxc6 11. Nxe5 O-O 12. Nd3 Bd6 13. Ne3 Ba6 14. Nf5
Qg5 15. O-O Rae8 16. Nxd6 cxd6 17. Re1 Re6 18. f4 Qf6 19. f5 Ree8 20. Nf4 d5
21. Ng6 Rf7 22. exd5 Rxe1+ 23. Qxe1 Qxf5 24. Ne7+ Rxe7 25. Qxe7 Qxd5 26. Re1
Qd4+ 27. Qe3 Qxb2 28. Qb3+ Qxb3 29. axb3 d5 30. Re7 Kh7 31. Rxa7 Bb5 32. Kf2
Kg6 33. Ke3 c5 34. Ra5 d4+ 35. Kd2 1-0

[Event "4NCL Division 4 South"]
[Site "Maidenhead, ENG"]
[Date "2019.11.10"]
[Round "2.25"]
[White "Davies, Merlin"]
[Black "Fraser, Susanna"]
[Result "1-0"]
[WhiteElo "1520"]
[BlackElo "1621"]
[PlyCount "97"]
[EventDate "2019.11.10"]
[WhiteTeam "West is Best 3"]
[BlackTeam "Fischer's Catch"]

1. e4 e5 2. Nf3 Nc6 3. Bc4 Bc5 4. b4 Bxb4 5. c3 Ba5 6. d4 exd4 7. Nxd4 Nxd4 8.
Qxd4 Qf6 9. e5 Qg6 10. O-O Ne7 11. Ba3 Bb6 12. Qd1 Qg5 13. Nd2 Qg6 14. Nf3 Qc6
15. Qb3 Rf8 16. Qb4 Ng6 17. Bb5 Qe6 18. h4 a5 19. Qb2 Rh8 20. Ng5 Qg4 21. Qb3
Qf4 22. Bc4 Nxh4 23. Bxf7+ Kd8 24. Ne6+ dxe6 25. Rad1+ Bd7 26. Qxe6 Nf3+ 27.
gxf3 Qg3+ 28. Kh1 Qh4+ 29. Kg2 Qg5+ 30. Kh3 Kc8 31. Qxd7+ Kb8 32. Qe6 Qf4 33.
Bh5 Ka7 34. Bc1 Qa4 35. Be3 Bxe3 36. fxe3 g6 37. Qb3 Qe8 38. Bg4 Qxe5 39. c4 h5
40. Bd7 Raf8 41. f4 Qe7 42. Rd5 b6 43. Rfd1 Rb8 44. Re5 Qf6 45. Rdd5 Rb7 46.
Qa4 Rd8 47. Rxa5+ bxa5 48. Rxa5+ Kb6 49. Rb5# 1-0

[Event "4NCL Division 4 South"]
[Site "Maidenhead, ENG"]
[Date "2019.11.10"]
[Round "2.26"]
[White "Jaberansari, Daniel"]
[Black "Fowler, Caspian"]
[Result "1-0"]
[WhiteElo "1410"]
[BlackElo "1493"]
[PlyCount "55"]
[EventDate "2019.11.10"]
[WhiteTeam "Fischer's Catch"]
[BlackTeam "West is Best 3"]

1. e4 e5 2. Nf3 Nc6 3. d4 exd4 4. Nxd4 Bc5 5. Nb3 Bb6 6. Nc3 Nf6 7. Qe2 d6 8.
Be3 O-O 9. f3 Be6 10. O-O-O Bxe3+ 11. Qxe3 a5 12. g4 Ne5 13. g5 Ne8 14. f4 Nd7
15. Nd4 Bg4 16. Rd2 c5 17. Nf5 Bxf5 18. exf5 Nb6 19. f6 gxf6 20. gxf6 Nxf6 21.
Rg1+ Kh8 22. Rdg2 Qe8 23. Qh3 Qe1+ 24. Nd1 Rg8 25. Bd3 Qe7 26. Qh4 Rxg2 27.
Rxg2 Qd8 28. Qh6 1-0

[Event "4NCL Division 4 South"]
[Site "Maidenhead, ENG"]
[Date "2019.11.10"]
[Round "2.31"]
[White "Feavyour, John A"]
[Black "Szelc, Adam"]
[Result "0-1"]
[WhiteElo "1944"]
[BlackElo "2095"]
[PlyCount "52"]
[EventDate "2019.11.10"]
[WhiteTeam "Iceni 2"]
[BlackTeam "Warwickshire Select 2"]

1. d4 Nf6 2. c4 g6 3. Nf3 Bg7 4. g3 O-O 5. Bg2 d6 6. O-O c5 7. d5 b5 8. cxb5 a6
9. bxa6 Bxa6 10. Nc3 Nbd7 11. Re1 Qa5 12. e4 Ng4 13. h3 Nge5 14. Nxe5 Nxe5 15.
Bf1 Bxf1 16. Rxf1 Rfb8 17. f4 Nc4 18. Qc2 Nxb2 19. Bxb2 Rxb2 20. Qxb2 Bxc3 21.
Qb7 Bxa1 22. Rxa1 Qa4 23. Qb1 Qd4+ 24. Kg2 Qd2+ 25. Kf3 Ra3+ 26. Kg4 Qe2+ 0-1

[Event "4NCL Division 4 South"]
[Site "Maidenhead, ENG"]
[Date "2019.11.10"]
[Round "2.32"]
[White "Patel, Devan"]
[Black "Lightfoot, Malcolm J"]
[Result "1/2-1/2"]
[WhiteElo "1915"]
[BlackElo "1814"]
[PlyCount "45"]
[EventDate "2019.11.10"]
[WhiteTeam "Warwickshire Select 2"]
[BlackTeam "Iceni 2"]

1. d4 Nf6 2. Nc3 d5 3. Bf4 e6 4. e3 Bd6 5. Bd3 a6 6. Nf3 Bxf4 7. exf4 Qd6 8.
Qd2 Nbd7 9. Ne2 c5 10. c3 b6 11. a4 Bb7 12. Ng3 Ne4 13. Bxe4 dxe4 14. Ne5 cxd4
15. Nxd7 Qxd7 16. Qxd4 Qxd4 17. cxd4 O-O 18. Kd2 Rfd8 19. Ke3 f5 20. Rhc1 Rac8
21. Nf1 Kf7 22. Nd2 Bd5 23. Rc3 1/2-1/2

[Event "4NCL Division 4 South"]
[Site "Maidenhead, ENG"]
[Date "2019.11.10"]
[Round "2.33"]
[White "Kenning, Paul H"]
[Black "Green, Anthony J"]
[Result "0-1"]
[WhiteElo "1858"]
[BlackElo "1949"]
[PlyCount "72"]
[EventDate "2019.11.10"]
[WhiteTeam "Iceni 2"]
[BlackTeam "Warwickshire Select 2"]

1. e4 d6 2. Nc3 Nf6 3. g3 e5 4. Bg2 c6 5. Nge2 Be7 6. h3 b5 7. d3 O-O 8. O-O b4
9. Na4 d5 10. f4 dxe4 11. fxe5 exd3 12. Qxd3 Qxd3 13. cxd3 Nd5 14. Nd4 Rd8 15.
Nf5 Bxf5 16. Rxf5 Nb6 17. Nxb6 Bc5+ 18. Kh2 axb6 19. Be4 Ra7 20. Bg5 $11 Re8
21. Raf1 Bd4 22. Bd2 Rxa2 23. Bc1 Ra1 24. Kg2 g6 25. Rg5 Rxc1 26. Rxc1 Be3 27.
Rxc6 Nxc6 28. Bxc6 Rc8 29. Rg4 Rxc6 30. Rxb4 Rc2+ 31. Kf3 Bc5 32. Rb3 Kf8 33.
Ke4 Rd2 34. Kd5 Ke7 35. g4 Rh2 36. d4 Rd2 0-1

[Event "4NCL Division 4 South"]
[Site "Maidenhead, ENG"]
[Date "2019.11.10"]
[Round "2.34"]
[White "Turner, Simon"]
[Black "Donaghay, Richard H"]
[Result "1/2-1/2"]
[WhiteElo "1847"]
[BlackElo "1838"]
[PlyCount "63"]
[EventDate "2019.11.10"]
[WhiteTeam "Warwickshire Select 2"]
[BlackTeam "Iceni 2"]

1. d4 d6 2. c4 e5 3. dxe5 dxe5 4. Qxd8+ Kxd8 5. Nf3 Bb4+ 6. Nbd2 f6 7. a3 Bxd2+
8. Bxd2 Be6 9. e3 Nd7 10. Rc1 c5 11. Be2 e4 12. Ng1 Ne5 13. Rc3 f5 14. Nh3 Nf6
15. Ng5 Bg8 16. f3 h6 17. Nh3 Ke7 18. O-O Rd8 19. Rd1 Bf7 20. Nf2 g5 21. fxe4
fxe4 22. b3 Rd6 23. Rcc1 Rhd8 24. Bc3 Rxd1+ 25. Rxd1 Rxd1+ 26. Bxd1 Ke6 27. Be2
Kf5 28. h3 h5 29. g4+ hxg4 30. Bxe5 Kxe5 31. Nxg4+ Nxg4 32. Bxg4 1/2-1/2

[Event "4NCL Division 4 South"]
[Site "Maidenhead, ENG"]
[Date "2019.11.10"]
[Round "2.35"]
[White "Lenton, Oliver J"]
[Black "Sandhu, Manvith"]
[Result "1/2-1/2"]
[WhiteElo "1855"]
[BlackElo "1832"]
[PlyCount "45"]
[EventDate "2019.11.10"]
[WhiteTeam "Iceni 2"]
[BlackTeam "Warwickshire Select 2"]

1. e4 Nc6 2. d4 d5 3. Nc3 Nf6 4. e5 Nd7 5. Nxd5 Ndb8 6. Ne3 Nxd4 7. f4 Nf5 8.
Bd3 Nxe3 9. Bxe3 Nc6 10. c3 g5 11. Qc2 gxf4 12. Bxf4 Bg7 13. O-O-O Bg4 14. Nf3
Qd5 15. Bf5 Bxf5 16. Qxf5 Qxa2 17. Ng5 Rd8 18. Rxd8+ Nxd8 19. Rd1 Qa1+ 20. Kc2
Qa4+ 21. Kc1 Qa1+ 22. Kc2 Qa4+ 23. Kc1 1/2-1/2

[Event "4NCL Division 4 South"]
[Site "Maidenhead, ENG"]
[Date "2019.11.10"]
[Round "2.36"]
[White "Cundy, Mark A"]
[Black "Lovell, Steve"]
[Result "1-0"]
[WhiteElo "1862"]
[BlackElo "1770"]
[PlyCount "67"]
[EventDate "2019.11.10"]
[WhiteTeam "Warwickshire Select 2"]
[BlackTeam "Iceni 2"]

1. e4 e5 2. f4 d5 3. exd5 e4 4. Nc3 Nf6 5. d3 Bb4 6. Bd2 exd3 7. Bxd3 O-O 8.
Qf3 Re8+ 9. Nge2 c6 10. O-O-O cxd5 11. h3 Nc6 12. g4 d4 13. Ne4 Bxd2+ 14. Rxd2
Nxe4 15. Bxe4 Be6 16. Qa3 Qb6 17. Rhd1 Na5 18. Rxd4 Nc4 19. Qb3 Qc5 20. Qc3
Rac8 21. f5 Bd7 22. Bxb7 Bb5 23. Bxc8 Rxe2 24. Rxc4 Qe7 25. Rcd4 h5 26. gxh5
Qg5+ 27. Kb1 Re3 28. Qd2 Qg3 29. f6 Re2 30. Qb4 Qe5 31. fxg7 Kxg7 32. Bg4 Rf2
33. Rd5 Rf1 34. Rxe5 1-0

[Event "4NCL Division 4 South"]
[Site "Maidenhead, ENG"]
[Date "2019.11.10"]
[Round "2.41"]
[White "Sahinoz, Giulio O"]
[Black "Fletcher, John"]
[Result "1/2-1/2"]
[WhiteElo "1848"]
[BlackElo "2002"]
[PlyCount "88"]
[EventDate "2019.11.10"]
[WhiteTeam "Poisoned Pawns - Next Generation"]
[BlackTeam "The Full Ponty"]

1. d4 Nf6 2. c4 e6 3. Nc3 d5 4. Bg5 Bb4 5. e3 h6 6. Bxf6 Qxf6 7. Qa4+ Nc6 8.
cxd5 exd5 9. Bb5 O-O 10. Bxc6 Bxc3+ 11. bxc3 bxc6 12. Nf3 Qg6 13. O-O Bh3 14.
Nh4 Qg5 15. Qxc6 Rae8 16. Qxc7 Qxh4 17. gxh3 Re6 18. Qf4 Qxh3 19. Kh1 Rc8 20.
Rg1 g5 21. Rac1 Kf8 22. Qg3 Qxg3 23. hxg3 Rec6 24. Kg2 Rxc3 25. Rxc3 Rxc3 26.
Rb1 Rc2 27. a4 Ra2 28. Rb5 Rxa4 29. Rxd5 Ke7 30. Kf3 Ra2 31. Rc5 a5 32. Rc7+
Kf6 33. Rc6+ Kg7 34. g4 a4 35. Ra6 a3 36. d5 Rd2 37. Rxa3 $11 Rxd5 38. Ra6 Rd2
39. Rb6 Ra2 40. Rc6 f6 41. Rb6 Rc2 42. Ra6 Rb2 43. Rc6 Kg6 44. Kg3 Rb3 1/2-1/2

[Event "4NCL Division 4 South"]
[Site "Maidenhead, ENG"]
[Date "2019.11.10"]
[Round "2.42"]
[White "Adams, Mark"]
[Black "Weersing, Abigail Riis"]
[Result "1-0"]
[WhiteElo "1969"]
[BlackElo "1734"]
[PlyCount "107"]
[EventDate "2019.11.10"]
[WhiteTeam "The Full Ponty"]
[BlackTeam "Poisoned Pawns - Next Generation"]

1. e4 e6 2. d4 d5 3. Nc3 Nf6 4. e5 Nfd7 5. f4 c5 6. Nf3 Nc6 7. Be3 a6 8. Qd2 b5
9. dxc5 Bxc5 10. Bxc5 Nxc5 11. Nd4 Bb7 12. Nxc6 Bxc6 13. Qd4 Qe7 14. a3 Ne4 15.
O-O-O O-O 16. Bd3 Rfd8 17. Bxe4 dxe4 18. Qb4 Qb7 19. Qa5 Qe7 20. Qb6 Bd5 21. g3
Rab8 22. Qa5 b4 23. axb4 Qxb4 24. Qxb4 Rxb4 25. Rhe1 Rdb8 26. Nxd5 exd5 27.
Rxd5 Rxb2 28. Rxe4 Rb1+ 29. Kd2 Rh1 30. h4 h6 31. Ra4 Rh2+ 32. Kc1 Rg2 33. Ra3
Rc8 34. Rd2 Rg1+ 35. Kb2 Rb8+ 36. Ka2 Rbb1 37. Rad3 Rb5 38. c4 Ra5+ 39. Kb3
Rb1+ 40. Kc3 Rc5 41. Rc2 a5 42. Rd8+ Kh7 43. Rd5 Rbb5 44. Kd4 Rxd5+ 45. cxd5 a4
46. d6 Rb1 47. Kd5 a3 48. Ra2 Rb3 49. d7 Rd3+ 50. Kc6 Rc3+ 51. Kd6 Rxg3 52.
d8=Q Rd3+ 53. Ke7 Rxd8 54. Kxd8 1-0

[Event "4NCL Division 4 South"]
[Site "Maidenhead, ENG"]
[Date "2019.11.10"]
[Round "2.43"]
[White "Zheng, Harry Z"]
[Black "Roberts, David L"]
[Result "1-0"]
[WhiteElo "1780"]
[BlackElo "2011"]
[PlyCount "53"]
[EventDate "2019.11.10"]
[WhiteTeam "Poisoned Pawns - Next Generation"]
[BlackTeam "The Full Ponty"]

1. e4 e5 2. Nf3 Nc6 3. Bc4 Nf6 4. d3 Be7 5. O-O d6 6. h3 Na5 7. Bb3 Nxb3 8.
axb3 O-O 9. Nc3 c6 10. Re1 Ne8 11. d4 Qc7 12. Qe2 Bd7 13. Be3 b6 14. Qd2 b5 15.
dxe5 f5 16. exd6 Bxd6 17. exf5 Bxf5 18. Nxb5 cxb5 19. Qd5+ Qf7 20. Qxa8 Nc7 21.
Qc6 Qg6 22. Qc3 Be4 23. Nh4 Qe6 24. Rxa7 Be5 25. Qd2 Qc6 26. Bd4 Rd8 27. Qg5
1-0

[Event "4NCL Division 4 South"]
[Site "Maidenhead, ENG"]
[Date "2019.11.10"]
[Round "2.44"]
[White "Davies, Peter"]
[Black "Dharmasena, Gavith"]
[Result "1-0"]
[WhiteElo "1933"]
[BlackElo "1706"]
[PlyCount "57"]
[EventDate "2019.11.10"]
[WhiteTeam "The Full Ponty"]
[BlackTeam "Poisoned Pawns - Next Generation"]

1. e4 e5 2. Nf3 Nc6 3. d4 exd4 4. Nxd4 Bc5 5. Be3 Nxd4 6. Bxd4 Bxd4 7. Qxd4 Qf6
8. e5 Qb6 9. Qc3 Ne7 10. Bc4 O-O 11. Nd2 d5 12. exd6 cxd6 13. O-O d5 14. Bb3
Be6 15. Nf3 Rac8 16. Qd2 Nc6 17. c3 Na5 18. Nd4 Nc4 19. Qg5 h6 20. Qg3 Nd2 21.
Rfe1 Nxb3 22. axb3 Rce8 23. b4 Bd7 24. h3 Re4 $11 25. f3 Rxe1+ 26. Rxe1 a5 27.
Re7 Be6 28. Kh1 axb4 29. Nxe6 1-0

[Event "4NCL Division 4 South"]
[Site "Maidenhead, ENG"]
[Date "2019.11.10"]
[Round "2.45"]
[White "Weersing, Sarah"]
[Black "Hughes, Anthony"]
[Result "1/2-1/2"]
[WhiteElo "1640"]
[BlackElo "1874"]
[PlyCount "74"]
[EventDate "2019.11.10"]
[WhiteTeam "Poisoned Pawns - Next Generation"]
[BlackTeam "The Full Ponty"]

1. d4 f5 2. Nf3 Nf6 3. c4 e6 4. Nc3 Be7 5. Bf4 O-O 6. e3 d6 7. Bd3 b6 8. O-O
Bb7 9. Re1 Ne4 10. Bxe4 fxe4 11. Nd2 d5 12. Qg4 Qd7 13. Be5 Bf6 14. f4 Qe7 15.
a3 Bxe5 16. dxe5 Nd7 17. b4 a5 18. Rab1 axb4 19. axb4 c6 20. Rb3 Qf7 21. Ne2
Nxe5 22. Qg3 Nd3 23. Rd1 Qh5 24. Nc3 Nxf4 25. exf4 d4 26. Ndxe4 dxc3 27. Nxc3
Rfd8 28. Qe1 Qf5 29. Rbb1 c5 30. Rxd8+ Rxd8 31. Kh1 Qg4 32. Qf2 Rd4 33. bxc5
Rxf4 34. Qd2 Rd4 35. Qf2 Rf4 36. Qd2 Qf5 37. Rg1 bxc5 1/2-1/2

[Event "4NCL Division 4 South"]
[Site "Maidenhead, ENG"]
[Date "2019.11.10"]
[Round "2.46"]
[White "Dixon, Chris"]
[Black "Dharmasena, Kian"]
[Result "1-0"]
[WhiteElo "1740"]
[BlackElo "1584"]
[PlyCount "125"]
[EventDate "2019.11.10"]
[WhiteTeam "The Full Ponty"]
[BlackTeam "Poisoned Pawns - Next Generation"]

1. e4 e5 2. Nc3 Nc6 3. f4 d6 4. Nf3 Nf6 5. Bb5 Bg4 6. h3 Bxf3 7. Qxf3 a6 8.
Bxc6+ bxc6 9. d3 Be7 10. O-O O-O 11. fxe5 dxe5 12. Be3 Nd7 13. Ne2 Bc5 14. Ng3
Qg5 15. Bxc5 Nxc5 16. Nf5 Rae8 17. Qg3 Qxg3 18. Nxg3 Ne6 19. Ne2 Nd4 20. Nxd4
exd4 21. Rf5 Rb8 22. b3 Rb5 $11 23. Raf1 g6 24. Rxb5 cxb5 25. Rf6 Ra8 26. Rc6
Ra7 27. Rc5 Kf8 28. Rd5 Ke7 29. Rxd4 c6 30. Kf2 Rb7 31. a3 Rb8 32. Ke3 Ke6 33.
Kf4 f6 34. c4 h6 35. c5 Rc8 36. Rd6+ Ke7 37. d4 h5 38. b4 a5 39. d5 cxd5 40.
exd5 axb4 41. axb4 Ra8 42. Rb6 Ra2 43. Ke3 Ra3+ 44. Kf2 Ra2+ 45. Kg1 f5 46.
Rb7+ Kd8 47. d6 Rd2 48. Rxb5 g5 49. Rb8+ Kd7 50. Rh8 g4 51. hxg4 hxg4 52. Rh7+
Kc6 53. d7 f4 54. Kf1 Rd4 55. Rf7 Rxd7 56. Rxd7 Kxd7 57. Ke2 Kc6 58. Kd3 Kd5
59. Ke2 Kc6 60. Kd2 Kd5 61. Kd3 f3 62. gxf3 g3 63. Ke3 1-0

[Event "4NCL Division 4 South"]
[Site "Maidenhead, ENG"]
[Date "2019.11.10"]
[Round "2.51"]
[White "Pein, Jonathan"]
[Black "George, Andrew P"]
[Result "1-0"]
[WhiteElo "2151"]
[BlackElo "1975"]
[PlyCount "73"]
[EventDate "2019.11.10"]
[WhiteTeam "Wood Green Youth"]
[BlackTeam "Ashfield 2"]

1. e4 c5 2. Ne2 g6 3. g3 Nc6 4. Bg2 Bg7 5. O-O d6 6. c3 e5 7. a3 Nge7 8. b4 O-O
9. b5 Nb8 10. c4 Be6 11. d3 Qc8 12. Nbc3 Bh3 13. a4 Bxg2 14. Kxg2 Nd7 15. Bg5
f6 16. Be3 f5 17. Qd2 f4 18. gxf4 exf4 19. Bxf4 Ne5 20. f3 Qe6 21. Rad1 g5 22.
Bg3 Kh8 23. Nd5 Nxd5 24. cxd5 Qe7 25. f4 gxf4 26. Nxf4 Rg8 27. Ne6 Bf6 28. Rf5
Rg6 29. Rdf1 Rag8 30. Kh1 Ng4 31. Rh5 a6 32. Qf4 Ne5 33. bxa6 bxa6 34. Rf5 Ng4
35. Qxd6 Ne3 36. Qxe7 Bxe7 37. Be5+ 1-0

[Event "4NCL Division 4 South"]
[Site "Maidenhead, ENG"]
[Date "2019.11.10"]
[Round "2.52"]
[White "Naylor, Michael A"]
[Black "Dias, Savin"]
[Result "1/2-1/2"]
[WhiteElo "1967"]
[BlackElo "1990"]
[PlyCount "125"]
[EventDate "2019.11.10"]
[WhiteTeam "Ashfield 2"]
[BlackTeam "Wood Green Youth"]

1. e4 c5 2. Nf3 Nc6 3. d4 cxd4 4. Nxd4 g6 5. c4 Bg7 6. Be3 d6 7. Nc3 Nf6 8. Be2
O-O 9. O-O Nxd4 10. Bxd4 Be6 11. Rc1 Rc8 12. b3 a6 13. Qd3 Qa5 14. Nd5 Nxd5 15.
cxd5 Bxd4 16. dxe6 Rxc1 17. Rxc1 Qb6 18. Bg4 fxe6 19. Bxe6+ Kg7 20. Rd1 Bxf2+
21. Kh1 Bd4 22. g4 Be5 23. Rd2 Rf2 24. g5 Rxd2 25. Qxd2 Qd4 26. Qxd4 $11 Bxd4
27. Bc8 Be3 28. Bxb7 a5 29. Kg2 Bxg5 30. Bd5 Kf6 31. Kf3 e6 32. Bc6 Bc1 33. Bb5
Ke5 34. Bd7 Ba3 35. Ke3 Bc5+ 36. Kf3 d5 37. exd5 exd5 38. Bc6 Kd4 39. a4 Bd6
40. h3 Bc7 41. Bb7 h5 42. Bc6 g5 43. Bb7 Ke5 44. Ke3 g4 45. hxg4 hxg4 46. Bc8
g3 47. Bh3 Bd6 48. Bg2 Bc5+ 49. Kd3 Bf2 50. Bh1 Kd6 51. Bf3 Kc5 52. Bg2 d4 53.
Bf3 Kb4 54. Bd5 Be3 55. Kc2 Ka3 56. Be4 Ka2 57. Bd5 Ka3 58. Be4 Bf4 59. Bd5 Be5
60. Be4 d3+ 61. Kxd3 Kxb3 62. Bc6 Kb4 63. Ke2 1/2-1/2

[Event "4NCL Division 4 South"]
[Site "Maidenhead, ENG"]
[Date "2019.11.10"]
[Round "2.53"]
[White "Woodhouse, Stephen V"]
[Black "Flynn, David"]
[Result "0-1"]
[WhiteElo "1872"]
[BlackElo "1907"]
[PlyCount "102"]
[EventDate "2019.11.10"]
[WhiteTeam "Wood Green Youth"]
[BlackTeam "Ashfield 2"]

1. e4 e6 2. d4 d5 3. Nd2 Nf6 4. e5 Nfd7 5. Bd3 c5 6. c3 Nc6 7. Ne2 cxd4 8. cxd4
f6 9. exf6 Nxf6 10. O-O Bd6 11. Nf3 O-O 12. Bg5 Qc7 13. Rc1 h6 14. Bh4 Nh5 15.
Bg3 Nxg3 16. Nxg3 Qf7 17. Bb1 e5 18. dxe5 Nxe5 19. Nxe5 Bxe5 20. Qd3 g5 21. b4
a6 22. a3 Bd7 23. Qg6+ Qxg6 24. Bxg6 Bf6 25. Bb1 Bb5 26. Rfd1 Bc4 27. Be4 Bb2
28. Rc2 Bxa3 29. Bxd5+ Bxd5 30. Rxd5 Bxb4 31. Rd7 Rf7 32. Rxf7 Kxf7 33. Rc7+
Ke6 34. Rxb7 a5 35. Kf1 Kd5 36. Nf5 Ra6 37. Ne3+ Kd4 38. Ke2 Kc3 39. Kd1 Kb3
40. Kc1 Rc6+ 41. Kb1 Rf6 42. Ng4 Rd6 43. Ne3 Rd2 44. Rf7 Rb2+ 45. Ka1 Re2 46.
Nd1 g4 47. h3 Re1 48. Rd7 gxh3 49. Rd3+ Kc2 50. Rxh3 Rxd1+ 51. Ka2 Bc3 0-1

[Event "4NCL Division 4 South"]
[Site "Maidenhead, ENG"]
[Date "2019.11.10"]
[Round "2.54"]
[White "Townsend, John"]
[Black "Hussain, Adam"]
[Result "0-1"]
[WhiteElo "1937"]
[BlackElo "1885"]
[PlyCount "92"]
[EventDate "2019.11.10"]
[WhiteTeam "Ashfield 2"]
[BlackTeam "Wood Green Youth"]

1. e4 e6 2. d4 d5 3. Nc3 Bb4 4. e5 Ne7 5. Nf3 b6 6. Bd3 Ba6 7. Bxa6 Nxa6 8. Qe2
Qc8 9. O-O Bxc3 10. bxc3 O-O 11. Ba3 c5 12. c4 Rd8 13. cxd5 Nxd5 14. dxc5 Nxc5
15. Qc4 Qc7 16. Rfe1 Rac8 17. Rad1 a6 18. Rd4 b5 19. Qe2 Na4 20. c4 bxc4 21.
Bd6 Qc6 22. Rh4 h6 23. Qc2 a5 24. Ng5 g6 25. Rxh6 Nf4 26. Re4 Rxd6 27. exd6
Qxd6 28. Rxf4 Qxf4 29. Rxg6+ Kf8 30. Nxe6+ fxe6 31. Rxe6 c3 32. g3 Qf7 33. Re4
Rc4 34. Rxc4 Qxc4 35. Qf5+ Ke7 36. Qh7+ Kd6 37. Qh6+ Kc7 38. Qg7+ Kb6 39. Qg6+
Kb5 40. Qc2 Nc5 41. h4 Qd4 42. Qb1+ Kc4 43. h5 Qd3 44. Qb8 Qd1+ 45. Kg2 c2 46.
Qf4+ Qd4 0-1

[Event "4NCL Division 4 South"]
[Site "Maidenhead, ENG"]
[Date "2019.11.10"]
[Round "2.55"]
[White "Lazarevic, Ljubica"]
[Black "Hill, Maurice J"]
[Result "1-0"]
[WhiteElo "1350"]
[BlackElo "1825"]
[PlyCount "69"]
[EventDate "2019.11.10"]
[WhiteTeam "Wood Green Youth"]
[BlackTeam "Ashfield 2"]

1. e4 c5 2. Nc3 e6 3. f4 b6 4. Nf3 Bb7 5. d3 Be7 6. Be3 d5 7. exd5 exd5 8. d4
a6 9. Ne5 Nf6 10. Be2 Nc6 11. Bf3 O-O 12. dxc5 Bxc5 13. Bxc5 bxc5 14. Nxd5 Nxd5
15. Bxd5 Qa5+ 16. c3 Rad8 17. Nxf7 Rxf7 18. Bxf7+ Kf8 19. Qb3 Qc7 20. Be6 Na5
21. Qc2 g6 22. O-O Bd5 23. f5 Bxe6 24. fxe6+ Kg8 25. Rf7 Qe5 26. e7 Re8 27. Qf2
Rxe7 28. Rxe7 Qxe7 29. Re1 Qd6 30. Qe2 Kf7 31. Qe8+ Kg7 32. Re7+ Kh6 33. Qf8+
Kg5 34. h4+ Kxh4 35. Re4+ 1-0

[Event "4NCL Division 4 South"]
[Site "Maidenhead, ENG"]
[Date "2019.11.10"]
[Round "2.56"]
[White "Graham, Neil"]
[Black "Dias, Ruwan"]
[Result "1-0"]
[WhiteElo "1825"]
[BlackElo "1353"]
[PlyCount "55"]
[EventDate "2019.11.10"]
[WhiteTeam "Ashfield 2"]
[BlackTeam "Wood Green Youth"]

1. d4 d5 2. e4 dxe4 3. Nc3 Nf6 4. f3 Bf5 5. fxe4 Nxe4 6. Qf3 Nd6 7. Bf4 Qd7 8.
Bxd6 cxd6 9. Bb5 Nc6 10. d5 Rc8 11. Nge2 e6 12. dxc6 bxc6 13. Ba4 d5 14. O-O
Bd6 15. Nxd5 Bg6 16. Ndf4 O-O 17. Rad1 Qc7 18. Ng3 Be5 19. Nxg6 hxg6 20. b3
Qb6+ 21. Kh1 Qc5 22. Rd7 f5 23. b4 Qc4 24. Bb3 Qxb4 25. Bxe6+ Kh8 26. c4 Rfe8
27. Bf7 Red8 28. Nxf5 1-0

[Event "4NCL Division 4 South"]
[Site "Maidenhead, ENG"]
[Date "2019.11.10"]
[Round "2.61"]
[White "Foley, John P"]
[Black "Ogunshola, Ben"]
[Result "0-1"]
[WhiteElo "1967"]
[BlackElo "2169"]
[PlyCount "120"]
[EventDate "2019.11.10"]
[WhiteTeam "CSC 2"]
[BlackTeam "The Pitstop"]

1. d4 Nf6 2. Nf3 g6 3. Bf4 Bg7 4. Nc3 d5 5. e3 O-O 6. h3 a6 7. Be2 c5 8. O-O b6
9. Ne5 Bb7 10. Bf3 Nbd7 11. dxc5 Nxc5 12. Qd2 e6 13. Rfd1 Qe7 14. a4 Rac8 15.
Bg5 h6 16. Bh4 Rfd8 17. Qe1 g5 18. Bg3 Nfd7 19. Nxd7 Nxd7 20. Ra3 Nc5 21. Rd2
f5 22. Qd1 Bf6 23. Bh2 Qg7 24. g4 Ne4 25. Nxe4 fxe4 26. Bg2 Bxb2 27. Rb3 Bc3
28. Rxc3 Rxc3 29. Bxe4 Ra3 30. Rd4 Rc8 31. Bg2 Rc4 32. Bf1 Rcxa4 33. c4 Ra1 34.
Qb3 Rxc4 35. Rxc4 dxc4 36. Qxc4 Bd5 37. Qc8+ Qf8 38. Qc3 Qf3 39. Qc8+ Kf7 40.
Qd7+ Kg6 41. Qe8+ Qf7 42. Qc8 Be4 43. Be5 Rd1 44. Qc4 Bb1 45. Qb3 Qd7 46. Bd4
Rc1 47. Qb2 Re1 48. Qd2 Rxf1+ 49. Kxf1 Be4 50. f3 Qf7 51. f4 Qd7 52. Qb2 b5 53.
Qa2 gxf4 54. exf4 Bd3+ 55. Ke1 Qxd4 56. Qxe6+ Kh7 57. Qe7+ Qg7 58. Qd6 Qc3+ 59.
Kf2 Qd2+ 60. Kg3 Qe1+ 0-1